| 000 | 01156nam a22002657a 4500 | ||
|---|---|---|---|
| 003 | BD-DhSAU | ||
| 005 | 20221001155748.0 | ||
| 008 | 150612b2021 bg ad||| m||| 00| 0 eng d | ||
| 040 | _aBD-DhSAU | ||
| 082 |
_222 _a631.521 _bSh17 |
||
| 100 |
_aSHAMMI, IKRA HAQUE _eRegistration No. # 14-05972 |
||
| 245 |
_aYield and quality of jute seed as influenced by variety and sowing date at late sown condition / _bMS thesis |
||
| 260 |
_aSher-e-Bangla Agricultural University, _bInstitute of Seed Technology, _c2021 |
||
| 300 |
_a-, 68p. _bill. ; _c30 cm. |
||
| 500 | _aMS thesis of Department of seed techonology, Faculty of Agriculture, Sher-e-Bangla Agricultural University, Dhaka, Bangladesh | ||
| 504 | _aIncludes bibliographical reference. | ||
| 590 | _anazmul | ||
| 650 | _ajute seed | ||
| 650 | _avariety | ||
| 651 | _asowing date at late sown condition | ||
| 700 |
_eSuperviser _qProf. Dr. A. K. M. Ruhul Amin |
||
| 700 |
_eCo-superviser _qProf. Dr. Md. Abdullahil Baque |
||
| 856 | _uhttp://archive.saulibrary.edu.bd:8080/xmlui/handle/123456789/4272 | ||
| 942 |
_2ddc _cTHESIS |
||
| 999 |
_c16116 _d16115 |
||